000 00791cam a2200241 4500
001 J3311
008 090401t xxu||||| |||| 00| 0 eng d
035 _a(Sirsi) u54299
041 _aeng
050 _a692.8
_c18
110 _aNational Joint Consultative Committee
_9997
245 _aStandard form of tendering questionnaire: application for admission to select lists of contractors for one particular contract.
260 _aLondon
_bNJCC
_c[s.d.]
300 _a10p.
_c30cm.
350 _a4.70
650 _aBUILT ENVIRONMENT-BUILDING CONTRACT FORMS
650 _aSELECT LISTS OF CONTRACTORS
650 _aSTANDARD FORM OF TENDERING QUESTIONNAIRE
650 _aTENDERING QUESTIONNAIRES
690 _aBUILT ENVIRONMENT-BUILDING CONTRACT FORMS
942 _n0
948 _c04/03/1997
999 _c93453
_d93453